Akta persaingan 2010 (Akta 712) Competition Act 2010 (act 712) & Akta Suruhanjaya Persaingan 2010 (akta 713) Competition Commission Act 2010 (Act 713) : hingga 15hb Januari 2013

Bibliographic Details
Corporate Author: Malaysia
Format: Book
Language:English
Published: Petaling Jaya : ILBS , 2013
Subjects:

MARC

LEADER 00000cam a2200000 7i4500
001 0000025237
005 20140617.0
008 250314 my # eng
020 |a 9789678921565 ,   |c RM22.10 
040 |a INS 
090 0 0 |a KPG979.A312010   |b M35 2013 
110 1 |a Malaysia 
240 1 0 |a [Akta Persaigan 2010 (Akta 712)] 
245 1 0 |a Akta persaingan 2010 (Akta 712) Competition Act 2010 (act 712) & Akta Suruhanjaya Persaingan 2010 (akta 713) Competition Commission Act 2010 (Act 713) :   |b hingga 15hb Januari 2013   |f disusun oleh Lembaga Penyelidikan Undang-Undang 
260 |a Petaling Jaya :   |b ILBS ,   |c 2013 
300 |a 161ms ;   |c 24cm. 
650 0 |a Antitrust laws   |z Malaysia 
740 1 |a Undang-Undang Malaysia 
999 |a 1000001353   |b BOOK   |c Open Shelf   |e Default branch